[Event "Titled Tuesday intern op 6th June fin"]
[Site "Chess.com INT"]
[Date "2020.06.02"]
[Round "1.1"]
[White "Artemiev, Vladislav"]
[Black "Giri, Anish"]
[Result "1-0"]
[WhiteElo "2716"]
[BlackElo "2764"]
[PlyCount "129"]
[EventDate "2020.06.02"]
[EventType "k.o. (blitz)"]
[EventRounds "3"]
[EventCountry "USA"]
[SourceTitle "CBM 196 Extra"]
[Source "ChessBase"]
[SourceDate "2020.07.31"]
[SourceVersion "1"]
[SourceVersionDate "2020.07.31"]
[SourceQuality "1"]

1. Nf3 d5 2. b3 Bg4 3. e3 Nd7 4. Bb2 Ngf6 5. h3 Bh5 6. g4 Bg6 7. g5 Ne4 ({RR} 7... Ng8 8. h4 Bh5 9. Be2 h6 10. c4 e6 11. cxd5 exd5 12. Nd4 Bxe2 13. Qxe2 hxg5 14. Nc3 Ngf6 15. O-O-O Rxh4 16. Rhg1 g6 17. Nf3 Rh5 18. e4 g4 19. exd5+ Qe7 20. Nd4 Qxe2 21. Ndxe2 Bd6 22. Ng3 {Artemiev,V (2704)-So,W (2772) chess24.com INT 2021 ½-½ (59)}) 8. d3 ({RR} 8. h4 h5 9. d3 Nd6 10. Nc3 c6 11. Ne2 Qc7 12. Bh3 Bf5 13. Nf4 O-O-O 14. Ne5 Bxh3 15. Rxh3 Nxe5 16. Bxe5 Qd7 17. Qf3 Nf5 18. O-O-O f6 19. Bb2 e5 20. Nxh5 Nxe3 21. fxe3 Rxh5 22. Rdh1 Rh8 {Van Kessel,W (2145)-Alexiadis,H (2342) Sitges ESP 2022 0-1 (56)}) 8... Nd6 9. h4 h5 ({RR} 9... Bh5 10. Bh3 e5 11. Bxd7+ Qxd7 12. Bxe5 O-O-O 13. Nbd2 d4 14. Bxd4 Nb5 15. Bb2 Bb4 16. Ne5 Bxd1 17. Nxd7 Bxc2 18. Ne5 Bxd3 19. Nxd3 Rxd3 20. O-O-O Rhd8 21. Nc4 Rxd1+ 22. Rxd1 Rxd1+ 23. Kxd1 Bc3 24. Kc2 {Apaar Saxena (2183)-Petrusic,V (2101) Senta SRB 2025 1-0 (42)}) 10. Nbd2 $146 e6 11. c4 c6 12. Qc2 a5 13. a3 c5 14. e4 d4 15. Bh3 Be7 16. O-O Qc7 17. b4 b6 18. bxa5 bxa5 19. Nh2 e5 20. f4 exf4 21. Ndf3 f6 22. gxf6 gxf6 23. Kh1 Nf7 24. Rg1 Nde5 25. Raf1 Bh7 26. Bc1 Bd6 27. Bxf4 Nxf3 28. Bxd6 Qxd6 29. Nxf3 Ke7 30. e5 fxe5 31. Rg7 Rag8 32. Rxf7+ Kxf7 33. Ng5+ Kg6 34. Bf5+ Kg7 35. Bxh7 Rf8 36. Rg1 Kh6 37. Be4 Rf4 38. Qh2 Qf6 39. Qg3 Rg8 40. Kh2 Rg7 41. Qh3 Rf2+ 42. Kh1 Rf4 43. Kh2 Rf2+ 44. Kh1 Rf4 45. Rg3 Rf1+ 46. Kh2 Rf2+ 47. Rg2 Rf4 48. Qc8 Rxh4+ 49. Nh3 Rxg2+ 50. Kxg2 Rg4+ 51. Kh2 Qg7 52. Qe6+ Rg6 53. Bxg6 Qxg6 54. Qxg6+ Kxg6 55. Nf2 Kf5 56. Ne4 Kf4 57. Nxc5 Ke3 58. Kg3 Kd2 59. Kh4 Kc3 60. Kxh5 e4 61. Nxe4+ Kxd3 62. Nd6 Kc3 63. c5 d3 64. c6 Kd4 65. Nf5+ 1-0

[Event "Titled Tuesday intern op 9th June"]
[Site "Chess.com INT"]
[Date "2020.06.09"]
[Round "10"]
[White "Erigaisi, Arjun Kumar"]
[Black "Pichot, Alan"]
[Result "1-0"]
[WhiteElo "2559"]
[BlackElo "2630"]
[PlyCount "61"]
[EventDate "2020.06.09"]
[EventType "swiss (blitz)"]
[EventRounds "10"]
[EventCountry "USA"]
[SourceTitle "CBM 196 Extra"]
[Source "ChessBase"]
[SourceDate "2020.07.31"]
[SourceVersion "1"]
[SourceVersionDate "2020.07.31"]
[SourceQuality "1"]

1. Nf3 d5 2. c4 d4 3. e3 c5 4. b4 dxe3 5. fxe3 cxb4 6. d4 Nf6 7. Bb2 ({RR} 7. Bd3 g6 8. a3 bxa3 9. O-O Bg7 10. Bxa3 O-O 11. Nc3 Nc6 12. h3 b6 13. Qe2 Bb7 14. Rac1 Rc8 15. Rfd1 Na5 16. Bb4 Nc6 17. Ba3 Bh6 18. Rc2 Re8 19. c5 e5 20. d5 Nxd5 21. Nxd5 Qxd5 {Mareco,S (2664)-Nakamura,H (2793) Chess.com INT 2017 1-0}) ({RR} 7. Bd3 Bg4 8. h3 Bd7 9. Ne5 Nc6 10. Nxd7 Qxd7 11. O-O e5 12. d5 Na5 13. Bb2 Bd6 14. Nd2 b6 15. Rc1 Nb7 16. Nf3 Qe7 17. Qa4+ Qd7 18. Qxd7+ Nxd7 19. Ng5 f6 20. Ne6 Kf7 21. Bf5 Nbc5 {Schuh,K (2125)-Ratnesan,R (2138) chess.com INT 2024 0-1 (48)}) 7... g6 ({RR} 7... Bf5 8. Nbd2 e6 9. Be2 Nc6 10. O-O h6 11. Qb3 Bd6 12. d5 exd5 13. Bxf6 Qxf6 14. cxd5 Ne7 15. Nd4 O-O 16. Nc4 Bc5 17. d6 Bxd4 18. dxe7 Bxa1 19. exf8=Q+ Rxf8 20. g4 b5 21. Nd2 Qc3 22. gxf5 {Erigaisi,A (2559)-Savchenko,B (2564) Chess.com INT 2020 0-1}) 8. Bd3 Bg7 9. e4 $146 ({RR} 9. O-O O-O 10. e4 e5 11. Nxe5 Ng4 12. Qe2 Nxe5 13. dxe5 Nc6 14. Nd2 Nxe5 15. Bc2 Be6 16. Rac1 Qb6+ 17. Kh1 Rac8 18. Bb1 Rfd8 19. a3 bxa3 20. Bxa3 Qa5 21. Rc2 Qxa3 22. Ra2 Qc5 23. Rb2 b6 {Golubovskis,M (2210)-Rychagov,N (1985) Chess.com INT 2021 0-1 (32)}) 9... O-O 10. e5 Nh5 11. O-O Bg4 12. Nbd2 Nc6 13. Be4 Qb6 14. c5 Qc7 15. h3 Bxf3 16. Qxf3 Rad8 17. Nb3 a5 18. Rad1 a4 19. Nc1 f5 20. Bd5+ Kh8 21. Nd3 Nxd4 22. Bxd4 e6 23. Nxb4 exd5 24. Rfe1 Rfe8 25. Qf2 f4 26. e6 Bxd4 27. Qxd4+ Qg7 28. Nxd5 Qxd4+ 29. Rxd4 g5 30. Nc7 Rxd4 31. Nxe8 1-0

[Event "MrDodgy Online Inv"]
[Site "chess24.com INT"]
[Date "2020.06.12"]
[Round "1.4"]
[White "Svidler, Peter"]
[Black "Grandelius, Nils"]
[Result "1-0"]
[WhiteElo "2723"]
[BlackElo "2651"]
[PlyCount "65"]
[EventDate "2020.06.12"]
[EventType "k.o. (blitz)"]
[EventRounds "3"]
[EventCountry "GER"]
[SourceTitle "CBM 196 Extra"]
[Source "ChessBase"]
[SourceDate "2020.07.31"]
[SourceVersion "1"]
[SourceVersionDate "2020.07.31"]
[SourceQuality "1"]

1. Nf3 d5 2. g3 g6 3. c4 dxc4 4. Na3 Bg7 5. Nxc4 Nc6 6. d3 e5 7. Bd2 Nge7 8. Bg2 O-O 9. b4 a6 ({RR} 9... e4 10. dxe4 Bxa1 11. Qxa1 f6 12. b5 Nb8 13. Bh6 Rf7 14. O-O Be6 15. Rd1 Qe8 16. Ne3 a6 17. e5 axb5 18. exf6 Rxa2 19. Qb1 Nec6 20. Ng5 Ra5 21. Nxe6 Qxe6 22. Bd5 Qxf6 23. Ng4 Qe7 24. Qb2 {Zeller,F (2322)-Semling,J (2213) Germany GER 2025 1-0}) 10. O-O Be6 11. Rc1 b5 $146 ({RR} 11... h6 12. a4 b5 13. axb5 axb5 14. Na5 Nxa5 15. bxa5 Nd5 16. Rc5 Rb8 17. Qc1 Kh7 18. e4 Ne7 19. Bb4 c6 20. Qe3 Qc7 21. Bc3 f6 22. d4 Bc4 23. Rc1 exd4 24. Nxd4 Qd7 25. h4 h5 26. Kh2 {Oparin,G (2654)-Frolyanov,D (2533) Bryansk 2021 1-0 (35)}) 12. Ne3 Bxa2 13. Ng5 h6 14. Nxf7 Bxf7 15. Bxc6 Nxc6 16. Rxc6 Qd7 17. Qc2 Rfc8 18. Rc1 Bf8 19. Rxc7 Rxc7 20. Qxc7 Qxc7 21. Rxc7 a5 22. bxa5 b4 23. Rb7 Rxa5 24. Rb8 Ra1+ 25. Kg2 b3 26. Ng4 Ra2 27. Bxh6 Bd5+ 28. e4 Ra8 29. Rb5 Be6 30. Bxf8 Bxg4 31. Bd6 Bd1 32. Bxe5 Bc2 33. Kf3 1-0

[Event "Chartres Blitz"]
[Site "Europe Echecs INT"]
[Date "2020.06.13"]
[Round "6"]
[White "Maghsoodloo, Parham"]
[Black "Guliyev, Namig"]
[Result "1-0"]
[WhiteElo "2676"]
[BlackElo "2529"]
[PlyCount "45"]
[EventDate "2020.06.13"]
[EventType "tourn (blitz)"]
[EventRounds "15"]
[EventCountry "FRA"]
[EventCategory "13"]
[SourceTitle "CBM 196 Extra"]
[Source "ChessBase"]
[SourceDate "2020.07.31"]
[SourceVersion "1"]
[SourceVersionDate "2020.07.31"]
[SourceQuality "1"]

1. Nf3 d5 2. g3 c6 3. Bg2 Bg4 4. O-O Nd7 5. d3 e5 6. Nbd2 Ngf6 7. e4 dxe4 8. dxe4 Be7 9. Qe2 ({RR} 9. Qe1 O-O 10. h3 Bh5 11. Nc4 Qc7 12. Nh4 Rfe8 13. Bd2 b5 14. Ba5 Qb7 15. Ne3 Nc5 16. Nhf5 Bf8 17. f3 Bg6 18. Rd1 Qa6 19. a3 Nb7 20. Bd2 Rad8 21. Kh2 Qa4 22. Bc3 Bxf5 23. Rxd8 Nxd8 {Miroshnichenko,E (2690)-Rublevsky,S (2703) Kragujevac 2009 ½-½ (37)}) 9... O-O 10. Rd1 ({RR} 10. h3 Bh5 11. c3 Qc7 12. Nc4 Rfe8 13. Rd1 b5 14. Ne3 Nc5 15. Nf5 Bf8 16. g4 Bg6 17. N3h4 Ne6 18. Be3 Nf4 19. Qf3 Nxg2 20. Kxg2 Rad8 21. Bg5 Rxd1 22. Rxd1 Nd7 23. Qe3 f6 24. Nxg6 hxg6 {Venkatesh,N (2175)-Novozhilov,S (2344) chess.com INT 2025 0-1 (54)}) 10... Qc7 11. b3 $146 ({RR} 11. a4 a5 12. b3 Nc5 13. Bb2 Nfd7 14. Nc4 f6 15. Ne3 Be6 16. Nh4 g6 17. Ng4 Rfd8 18. Rf1 Bf8 19. f4 Bxg4 20. Qxg4 Bg7 21. Rad1 Nf8 22. fxe5 fxe5 23. Nf3 Nxa4 24. Ba3 Nc3 25. Rxd8 Rxd8 {Dominguez,G (1831)-Kolaric,S (2071) Athens 2012 ½-½ (40)}) 11... Rfd8 12. Bb2 Ne8 13. Nc4 b5 14. Ne3 Be6 15. Nf5 Bf8 16. Ng5 Bxf5 17. exf5 Nef6 18. c4 b4 19. Rd2 a5 20. Rad1 Re8 21. Ne4 Rac8 22. g4 Nxe4 23. Rxd7 1-0

[Event "Chartres Blitz"]
[Site "Europe Echecs INT"]
[Date "2020.06.13"]
[Round "10"]
[White "Ivanchuk, Vassily"]
[Black "Keymer, Vincent"]
[Result "1-0"]
[WhiteElo "2678"]
[BlackElo "2558"]
[PlyCount "63"]
[EventDate "2020.06.13"]
[EventType "tourn (blitz)"]
[EventRounds "15"]
[EventCountry "FRA"]
[EventCategory "13"]
[SourceTitle "CBM 196 Extra"]
[Source "ChessBase"]
[SourceDate "2020.07.31"]
[SourceVersion "1"]
[SourceVersionDate "2020.07.31"]
[SourceQuality "1"]

1. Nf3 d5 2. c4 d4 3. g3 Nc6 4. Bg2 e5 5. O-O Nf6 6. d3 Be7 7. b4 Nxb4 8. Nxe5 O-O 9. Nd2 Na6 ({RR} 9... Bd6 10. a3 Na6 11. f4 c6 12. Rb1 Qe7 13. Ndf3 Ng4 14. Nxd4 Nxe5 15. fxe5 Bxe5 16. e3 g6 17. Nb3 Bg7 18. d4 Rb8 19. e4 b6 20. Bf4 Rb7 21. e5 Qe8 22. Nd2 Bf5 23. Qa4 Nb8 24. Rbe1 {Kramnik,V (2785)-Topalov,V (2775) Monte Carlo 2011 1-0 (40)}) ({RR} 9... Bd6 10. Nef3 c5 11. Ba3 Nc6 12. Nb3 Qe7 13. Re1 Bg4 14. e3 dxe3 15. Rxe3 Qc7 16. Bxc5 Rad8 17. Bxd6 Qxd6 18. Qf1 Bf5 19. d4 Be4 20. Rd1 Nb4 21. Qe2 Rfe8 22. d5 Nc2 23. Rc3 Nb4 24. Re3 {Gutierrez Olivares,D (2354)-Oberoi,S (2174) chess.com INT 2025 1-0 (65)}) 10. Rb1 Rb8 $146 ({RR} 10... Nc5 11. Nb3 Nxb3 12. Rxb3 c6 13. Bb2 a5 14. a4 Bb4 15. e3 dxe3 16. fxe3 Nd7 17. Nxd7 Qxd7 18. d4 Qe7 19. e4 Bd7 20. e5 Rad8 21. Re3 Be6 22. Qh5 Bxc4 23. Rf4 g6 24. Qh6 f5 25. Rh4 {Tusa,T (2194)-Lugovoi,A (2531) Tallinn 2011 0-1 (57)}) 11. Ne4 Nxe4 12. Bxe4 Bd6 13. Nf3 c5 14. e3 dxe3 15. Bxe3 Nc7 16. d4 Qe7 17. Qc2 f5 18. Bd3 b6 19. Rfe1 Bb7 20. d5 Qf6 21. Bg5 Qf7 22. Ne5 Qh5 23. f4 h6 24. Bh4 g5 25. Bxf5 Rxf5 26. Qxf5 Rf8 27. Qd7 Ne8 28. Qxb7 gxh4 29. Qd7 hxg3 30. hxg3 Bxe5 31. Qe6+ Kh7 32. Rxe5 1-0

[Event "Chartres Blitz Final"]
[Site "Europe Echecs INT"]
[Date "2020.06.14"]
[Round "2.2"]
[White "Bauer, Christian"]
[Black "Maghsoodloo, Parham"]
[Result "1-0"]
[WhiteElo "2623"]
[BlackElo "2676"]
[PlyCount "115"]
[EventDate "2020.06.14"]
[EventType "k.o. (blitz)"]
[EventRounds "3"]
[EventCountry "FRA"]
[SourceTitle "CBM 196 Extra"]
[Source "ChessBase"]
[SourceDate "2020.07.31"]
[SourceVersion "1"]
[SourceVersionDate "2020.07.31"]
[SourceQuality "1"]

1. Nf3 d5 2. d3 c6 3. Nc3 ({RR} 3. g3 Bg4 4. Nbd2 e6 5. Bg2 Bd6 6. O-O Ne7 7. c4 O-O 8. b3 a5 9. a3 Nd7 10. Bb2 Re8 11. Qc2 f6 12. e4 Rc8 13. d4 Bh5 14. Rfe1 Bg6 15. Bh3 Nf8 16. Qc3 Bb8 17. b4 a4 {Timofeev,A (2585)-Zhigalko,S (2572) Chess.com INT 2020 ½-½ (47)}) ({RR} 3. Bd2 g6 4. Qc1 Bg7 5. g3 h5 6. Bg2 e5 7. a4 Bg4 8. e4 Ne7 9. Nc3 Na6 10. h3 Bd7 11. exd5 Nxd5 12. O-O O-O 13. Re1 Re8 14. Bh6 Nxc3 15. Bxg7 Kxg7 16. bxc3 Qf6 17. Re3 Nc7 {Baradaran Tamadon,A (2306)-Svicevic,R (2122) chess.com INT 2024 0-1 (71)}) 3... Bg4 $146 ({RR} 3... Bf5 4. Qd2 Nf6 5. Nd4 Bg6 6. h3 e5 7. Nf3 Bd6 8. g4 e4 9. Nh2 Nbd7 10. Bg2 Qe7 11. Nf1 O-O-O 12. g5 Nh5 13. h4 Bf4 14. e3 exd3 15. cxd3 d4 16. Ne4 Bxe4 17. Bxe4 Bd6 18. Qe2 {Haukenfrers,D-Qashashvili,A (2505) Chess.com INT 2022 1-0 (42)}) 4. e4 e6 5. h3 Bh5 6. Be2 Bd6 7. O-O Ne7 8. Ng5 Bxe2 9. Qxe2 h6 10. Nf3 Nd7 11. Nd1 O-O 12. c4 a5 13. Ne3 a4 14. Ng4 Ng6 15. e5 Be7 16. cxd5 exd5 17. Bxh6 gxh6 18. Nxh6+ Kh7 19. Nf5 Nf4 20. Qc2 Rg8 21. g3 Rg6 22. h4 Nc5 23. Kh2 Nfxd3 24. h5 Rg4 25. Rad1 Nb4 26. Qb1 Kh8 27. a3 Nba6 28. Nh6 Rg7 29. Qf5 Qe8 30. Nd4 Ne4 31. Ng4 Rg5 32. Qf3 Nac5 33. Kg2 Ne6 34. Nf5 Qf8 35. Rh1 Re8 36. Rde1 f6 37. Rxe4 dxe4 38. Qxe4 Nc5 39. Qf4 fxe5 40. Qxe5+ Kh7 41. Nge3 Bd8 42. Qd4 Ne6 43. Qd3 Kh8 44. Kf1 Bf6 45. Nh4 Rd8 46. Ng6+ Kg7 47. Nxf8 Rxd3 48. Nxe6+ Kh7 49. Nxg5+ Bxg5 50. Ke2 Rb3 51. Nd1 Bf6 52. Rg1 Bxb2 53. Nxb2 Rxb2+ 54. Kf3 Rb3+ 55. Kg4 Rxa3 56. Re1 Rb3 57. Re7+ Kh8 58. Kg5 1-0

[Event "Kovalenko-Neiksans Blitz"]
[Site "Chess.com INT"]
[Date "2020.06.14"]
[Round "12"]
[White "Kovalenko, Igor"]
[Black "Neiksans, Arturs"]
[Result "1-0"]
[WhiteElo "2645"]
[BlackElo "2557"]
[PlyCount "101"]
[EventDate "2020.06.14"]
[EventType "match (blitz)"]
[EventRounds "25"]
[EventCountry "LAT"]
[SourceTitle "CBM 196 Extra"]
[Source "ChessBase"]
[SourceDate "2020.07.31"]
[SourceVersion "1"]
[SourceVersionDate "2020.07.31"]
[SourceQuality "1"]

1. Nf3 Nf6 2. g3 d5 3. Bg2 c6 4. O-O Bg4 5. d3 e6 6. Nbd2 Bc5 7. e4 O-O 8. h3 ({RR} 8. e5 Nfd7 9. Re1 a5 10. Nf1 Qb6 11. Ne3 Bh5 12. c3 d4 13. Nc4 Qc7 14. Bf4 Nb6 15. Ncd2 Nd5 16. Ne4 Nxf4 17. gxf4 Ba7 18. Qc2 Rd8 19. Kh1 Nd7 20. c4 Bc5 21. Rg1 Bg6 22. Nh4 b6 {Marinakis,H (2158)-Pham Le Thao Nguyen (2388) chess.com INT 2025 ½-½ (88)}) 8... Bh5 9. Qe2 $146 ({RR} 9. Qe1 a5 10. a4 Na6 11. Nb3 Bb4 12. Bd2 dxe4 13. dxe4 Bxf3 14. Bxf3 Bxd2 15. Nxd2 e5 16. Nc4 Nb4 17. Rd1 Qc7 18. c3 Na6 19. Qe3 Nd7 20. Rd2 Ndc5 21. Rfd1 b5 22. axb5 cxb5 23. Nd6 Rab8 {Vaganian,R (2618)-Timman,J (2655) Dordrecht 2000 0-1 (45)}) 9... a5 10. a3 a4 11. Re1 Kh8 12. Nf1 Nbd7 13. g4 Bg6 14. Ng3 Qb8 15. e5 Ng8 16. Be3 Bxe3 17. Qxe3 c5 18. Nh4 Qd8 19. Nf3 b5 20. Nd2 c4 21. f4 h6 22. f5 Bh7 23. d4 Ne7 24. Rf1 Nc6 25. c3 Qb6 26. Rae1 Rae8 27. Kh1 Qc7 28. f6 gxf6 29. Qxh6 Rg8 30. Rxf6 Nxf6 31. Qxf6+ Rg7 32. Nh5 Reg8 33. Nf3 Qe7 34. Nxg7 Rxg7 35. g5 Qxf6 36. exf6 Rg8 37. h4 Be4 38. Ne5 Bxg2+ 39. Kxg2 Nxe5 40. dxe5 Kh7 41. Kg3 Kg6 42. Kg4 Rh8 43. Rh1 d4 44. cxd4 Rd8 45. h5+ Kh7 46. Rd1 Rd5 47. Kf4 Rd7 48. Ke4 Rd5 49. Rg1 Rd7 50. g6+ Kg8 51. gxf7+ 1-0

[Event "Titled Tuesday intern op 16th June"]
[Site "Chess.com INT"]
[Date "2020.06.16"]
[Round "4"]
[White "Nakamura, Hikaru"]
[Black "Bachmann, Axel"]
[Result "1-0"]
[WhiteElo "2736"]
[BlackElo "2599"]
[PlyCount "65"]
[EventDate "2020.06.16"]
[EventType "swiss (blitz)"]
[EventRounds "10"]
[EventCountry "USA"]
[SourceTitle "EXT 2021"]
[Source "ChessBase"]
[SourceDate "2020.10.23"]
[SourceVersion "1"]
[SourceVersionDate "2020.10.23"]
[SourceQuality "1"]

1. Nf3 Nf6 2. b3 d5 3. Bb2 Bg4 4. g3 Nbd7 5. Bg2 e6 6. d3 ({RR} 6. O-O Bd6 7. d3 O-O 8. Nbd2 Qe7 9. a3 c6 10. h3 Bh5 11. e4 dxe4 12. dxe4 Be5 13. c3 Rad8 14. Qc2 Bc7 15. a4 Rfe8 16. Rfe1 e5 17. a5 h6 18. Nh4 Qe6 19. b4 Nf8 20. c4 Qd7 {Nakamura,H (2787)-Kramnik,V (2800) Moscow 2018 1-0 (70)}) 6... a5 ({RR} 6... Bd6 7. Nbd2 O-O 8. h3 Bh5 9. g4 Bg6 10. Nh4 c6 11. e3 e5 12. Qe2 Qe7 13. a3 a5 14. c4 Nc5 15. Nxg6 hxg6 16. cxd5 Nxd5 17. h4 Rad8 18. g5 Bc7 19. O-O-O Nb6 20. Ne4 Nxb3+ 21. Kc2 {Bok,B (2599)-Grandelius,N (2664) chess.com INT 2024 0-1 (77)}) 7. a3 $146 ({RR} 7. a4 Bd6 8. O-O O-O 9. Nbd2 c6 10. h3 Bh5 11. Nh4 Be5 12. Bxe5 Nxe5 13. Qe1 Ned7 14. g4 Bg6 15. f4 d4 16. Nc4 Nd5 17. Qg3 Qe7 18. Kh1 Rfe8 19. Rg1 Nxf4 20. Qxf4 Qxh4 21. Qxd4 Red8 {Terry,R (2504)-Abdurakhmanov,M (2284) Chess.com INT 2020 ½-½ (124)}) 7... Bd6 8. h3 Bxf3 9. Bxf3 Be5 10. c3 c6 11. Nd2 Qb6 12. d4 Bd6 13. c4 Qd8 14. O-O O-O 15. e3 Qe7 16. Bg2 h6 17. Re1 Rfd8 18. Qc2 e5 19. e4 dxe4 20. Nxe4 Nxe4 21. Rxe4 f5 22. Re2 e4 23. f3 Bxg3 24. fxe4 fxe4 25. Rxe4 Qg5 26. Rg4 Qe3+ 27. Kh1 Nf6 28. Rg6 Bh4 29. d5 cxd5 30. Rf1 d4 31. Bc1 d3 32. Qc3 Qe7 33. Bxh6 1-0

[Event "Titled Tuesday intern op 16th June"]
[Site "Chess.com INT"]
[Date "2020.06.16"]
[Round "4"]
[White "Rustemov, Alexander"]
[Black "Hovhannisyan, Robert"]
[Result "1-0"]
[WhiteElo "2525"]
[BlackElo "2642"]
[PlyCount "105"]
[EventDate "2020.06.16"]
[EventType "swiss (blitz)"]
[EventRounds "10"]
[EventCountry "USA"]
[SourceTitle "EXT 2021"]
[Source "ChessBase"]
[SourceDate "2020.10.23"]
[SourceVersion "1"]
[SourceVersionDate "2020.10.23"]
[SourceQuality "1"]

1. Nf3 d5 2. g3 Bg4 3. Bg2 e6 4. O-O Nf6 5. d3 Be7 6. Nbd2 O-O 7. h3 Bh5 8. g4 ({RR} 8. Qe1 c5 9. e4 Nc6 10. c3 dxe4 11. dxe4 Qd3 12. g4 Bg6 13. Nh4 Nd7 14. Nxg6 hxg6 15. Nf3 Nde5 16. Ng5 Bxg5 17. Bxg5 Nf3+ 18. Bxf3 Qxf3 19. Qe3 Ne5 20. Bf4 Qxe3 21. Bxe3 b6 22. Rad1 Rfd8 {Khotenashvili,B (2458)-Hovhannisyan,R (2642) Chess.com INT 2020 0-1 (55)}) 8... Bg6 9. Nh4 ({RR} 9. Ne5 c5 10. e3 Nc6 11. Nxg6 hxg6 12. g5 Ne8 13. h4 Nd6 14. e4 Rc8 15. c3 b5 16. Qg4 dxe4 17. dxe4 c4 18. Nf3 b4 19. h5 gxh5 20. Qxh5 Qa5 21. Qh3 g6 22. Re1 bxc3 23. bxc3 Rfd8 {Esipenko,A (2683)-Meier,G (2628) chess.com INT 2023 1-0 (41)}) 9... Nc6 $146 ({RR} 9... c5 10. e4 Nc6 11. exd5 Nxd5 12. Nxg6 hxg6 13. Nc4 Qd7 14. a4 g5 15. c3 Rad8 16. a5 Qc7 17. Qe2 Rd7 18. h4 gxh4 19. f4 Rfd8 20. Qf2 b5 21. axb6 axb6 22. g5 b5 23. Nd2 h3 24. Bxh3 {Bachmann,A (2593)-Svane,R (2543) Berlin 2015 1-0 (39)}) ({RR} 9... c5 10. e3 Nfd7 11. Nxg6 hxg6 12. f4 Nc6 13. g5 d4 14. e4 e5 15. Nf3 exf4 16. Bxf4 Re8 17. e5 Nf8 18. h4 Ne6 19. Bg3 Nb4 20. Nd2 Nd5 21. Qf3 Ne3 22. Qxf7+ Kh7 23. Qxe6 Nxg2 24. Kxg2 {Padmini,R (2328)-Garifullina,L (2438) FIDE Online Arena INT 2024 1-0 (58)}) 10. e3 e5 11. Nxg6 hxg6 12. Qe2 Bd6 13. a3 a5 14. b3 Re8 15. Bb2 d4 16. Nc4 Bc5 17. Rae1 Nd5 18. Qf3 Nb6 19. Nd2 Re6 20. Qg3 Nd5 21. g5 Nce7 22. exd4 Nf5 23. Qf3 Nf4 24. dxc5 Nh4 25. Qg4 Nhxg2 26. Rxe5 Raa6 27. Ne4 Qe7 28. Rxe6 Rxe6 29. Bc1 Rxe4 30. dxe4 Qxe4 31. Kh2 Qe5 32. Qg3 Qf5 33. Rg1 a4 34. bxa4 Qe4 35. Qg4 Qe5 36. Qg3 Qe4 37. Bxf4 Nxf4 38. Qe3 Qf5 39. Rg4 Ne6 40. c6 bxc6 41. Kg2 Qd5+ 42. Qf3 Qe5 43. h4 Nd4 44. Qf4 Qd5+ 45. Qe4 Nxc2 46. Qxd5 cxd5 47. a5 Nxa3 48. Rb4 c5 49. Rb8+ Kh7 50. a6 d4 51. a7 d3 52. a8=Q d2 53. Rh8# 1-0

[Event "Titled Tuesday intern op 16th June"]
[Site "Chess.com INT"]
[Date "2020.06.16"]
[Round "7"]
[White "Aravindh, Chithambaram VR"]
[Black "Harika, Dronavalli"]
[Result "1-0"]
[WhiteElo "2641"]
[BlackElo "2515"]
[PlyCount "49"]
[EventDate "2020.06.16"]
[EventType "swiss (blitz)"]
[EventRounds "10"]
[EventCountry "USA"]
[SourceTitle "EXT 2021"]
[Source "ChessBase"]
[SourceDate "2020.10.23"]
[SourceVersion "1"]
[SourceVersionDate "2020.10.23"]
[SourceQuality "1"]

1. Nf3 Nf6 2. g3 g6 3. Bg2 Bg7 4. O-O O-O 5. Re1 d6 6. e4 e5 ({RR} 6... c6 7. d4 Nbd7 8. c3 e5 9. a4 Qc7 10. b3 b6 11. Ba3 Rd8 12. Nbd2 Bb7 13. Nc4 c5 14. d5 a6 15. Bc1 b5 16. Nb2 Nb6 17. Bf1 Qd7 18. h4 Qg4 19. Kh2 Bc8 20. a5 Nbd7 21. Bh3 {Gao,R (2009)-Karamsetty,J (2244) chess.com INT 2025 0-1}) 7. b3 $146 ({RR} 7. d4 exd4 8. Nxd4 Nbd7 9. Nc3 Re8 10. Bg5 h6 11. Be3 a5 12. b3 Nc5 13. Bc1 Bg4 14. Qd2 c6 15. Bb2 Qb6 16. h3 Be6 17. Rad1 a4 18. Qf4 a3 19. Bc1 Nh5 20. Qe3 Nf6 21. Qf3 Nfd7 {Osinovsky,S (2241)-Rouast,J (2135) chess.com INT 2023 0-1 (51)}) ({RR} 7. d4 exd4 8. Nxd4 Re8 9. Nc3 Bd7 10. h3 Nc6 11. Nde2 b5 12. a3 Rb8 13. g4 a5 14. Ng3 b4 15. axb4 axb4 16. Nce2 Bc8 17. Bg5 h6 18. Be3 Bb7 19. Qc1 Kh7 20. Nf4 Ra8 21. Rxa8 Qxa8 {Onischuk,V (2620)-Shevchenko,K (2655) Warsaw 2021 ½-½ (48)}) 7... c5 8. Bb2 Nc6 9. d3 h6 10. Nbd2 Be6 11. c3 Re8 12. d4 exd4 13. cxd4 Bg4 14. d5 Nd4 15. h3 Bxf3 16. Nxf3 Nxf3+ 17. Qxf3 Nd7 18. Bxg7 Kxg7 19. Re3 Qf6 20. Qd1 Re7 21. f4 Rae8 22. Qe1 Qb2 23. Rd1 Qxa2 24. Qc3+ f6 25. Ra1 1-0

[Event "Titled Tuesday intern op 16th June"]
[Site "Chess.com INT"]
[Date "2020.06.16"]
[Round "7"]
[White "Paravyan, David"]
[Black "Noritsyn, Nikolay"]
[Result "1-0"]
[WhiteElo "2653"]
[BlackElo "2512"]
[PlyCount "127"]
[EventDate "2020.06.16"]
[EventType "swiss (blitz)"]
[EventRounds "10"]
[EventCountry "USA"]
[SourceTitle "EXT 2021"]
[Source "ChessBase"]
[SourceDate "2020.10.23"]
[SourceVersion "1"]
[SourceVersionDate "2020.10.23"]
[SourceQuality "1"]

1. e4 e5 2. Nf3 d6 3. d3 Nf6 4. g3 Be7 5. Bg2 O-O 6. O-O c5 ({RR} 6... Nbd7 7. Re1 Re8 8. d4 c6 9. c4 Bf8 10. Nc3 a6 11. a4 a5 12. h3 Qc7 13. Be3 h6 14. Qc2 Nb8 15. Nh4 Na6 16. f4 exd4 17. Bxd4 Nd7 18. Rad1 Ndc5 19. Qf2 Be6 20. Bf1 Rad8 21. g4 {Vajda,L (2534)-Ionescu,M (2346) Predeal 2006 1-0 (36)}) 7. Nbd2 Nc6 8. Re1 $146 ({RR} 8. Nc4 Be6 9. Ne3 Qe8 10. Nh4 g6 11. Nd5 Bd8 12. c3 Nh5 13. Nf5 Qd7 14. f4 Kh8 15. fxe5 dxe5 16. d4 cxd4 17. cxd4 gxf5 18. Qxh5 Nxd4 19. Qh6 Kg8 20. Nf6+ Bxf6 21. Qxf6 Qd8 22. Bg5 Qxf6 {Sasot,A-Fuentes,M Philippines 1997 1-0 (53)}) ({RR} 8. c3 Re8 9. Re1 Bf8 10. Nf1 b5 11. a4 b4 12. Ne3 Be6 13. c4 g6 14. h3 Bg7 15. Kh2 Rb8 16. Nd5 h6 17. Ng1 Nh5 18. Bf3 Nf6 19. Bg2 Bxd5 20. exd5 Nd4 21. Ne2 Nxe2 22. Rxe2 Nd7 {Liang,J (2052)-Dvirnyy,D (2491) chess.com INT 2024 0-1 (53)}) 8... Re8 9. a4 Bf8 10. Nc4 h6 11. c3 Be6 12. Qc2 Rc8 13. b3 g6 14. Bd2 Bg7 15. h3 Kh7 16. Rad1 Qc7 17. Ne3 Qd7 18. g4 d5 19. g5 d4 20. gxf6 dxe3 21. fxg7 exd2 22. Rxd2 Bxh3 23. Re3 Be6 24. Qb2 Bg4 25. Nh2 Kxg7 26. Rg3 Be6 27. Nf3 Rcd8 28. b4 cxb4 29. cxb4 Qd6 30. d4 Nxd4 31. Nxd4 exd4 32. Rgd3 Qe5 33. Rxd4 Rxd4 34. Qxd4 Qxd4 35. Rxd4 g5 36. a5 Rc8 37. e5 Rc7 38. f4 gxf4 39. Rxf4 b6 40. axb6 axb6 41. Bf1 Rc1 42. Kf2 Rc2+ 43. Ke3 Rb2 44. Bd3 h5 45. Rh4 Kh6 46. Be2 Rb3+ 47. Kd2 Rb2+ 48. Ke3 Kg6 49. Rh1 Rxb4 50. Bxh5+ Kf5 51. Rf1+ Kxe5 52. Bxf7 Bf5 53. Kd2 Rb2+ 54. Kc3 Rc2+ 55. Kb4 Re2 56. Rd1 Re4+ 57. Kb5 Rd4 58. Re1+ Be4 59. Kxb6 Rb4+ 60. Kc5 Rd4 61. Bg6 Ra4 62. Be8 Rd4 63. Bc6 Ra4 64. Bxa4 1-0